States Two Borders Away From Tennessee - Statistics

General Stats
  • This quiz has been taken 12 times
  • The average score is 12 of 13
Answer Stats
Borders State % Correct
Alabama, Georgia Florida
100%
Kentucky, Missouri Illinois
100%
Kentucky Indiana
100%
Arkansas, Mississippi Louisiana
100%
Kentucky Ohio
100%
Arkansas Texas
100%
Missouri Kansas
91%
Virginia Maryland
91%
Arkansas, Missouri Oklahoma
91%
Georgia, North Carolina South Carolina
91%
Kentucky, Virginia West Virginia
91%
Missouri Iowa
82%
Missouri Nebraska
82%
No matching quizzes found
Score Distribution
Percent of People with Each Score
Percentile by Number Answered
Your Score History
You have not taken this quiz